| 000 | 00433nam a2200169Ia 4500 | ||
|---|---|---|---|
| 008 | 230718s9999 xx 000 0 und d | ||
| 041 | _aeng | ||
| 082 |
_a378.1162 _bLUR |
||
| 100 |
_aLurie K. _9113536 |
||
| 245 | _aCracking The GRE | ||
| 260 |
_c2003 _bRadam House Inc |
||
| 300 |
_a330 _dRef 158 G (15023) |
||
| 365 |
_cRs. _b450.00 |
||
| 500 | _a158 GEN | ||
| 700 |
_aLurie K. _9113536 |
||
| 906 |
_dB:491104-Jul-2002 _cOTH _b67.5 |
||
| 999 |
_c303816 _d303816 |
||